Statistiken für Länder, die Gabun am nächsten liegen

Klicken Sie hier um das Quiz zu spielen!

Allgemein

  • Dieses Quiz wurde 77 mal gespielt
  • Das Durchschnittsergebnis liegt bei 17 aus 20

Antwortstatistiken

kmLand% Korrekt
0Kamerun
98%
1184Niger
98%
418Nigeria
98%
0Kongo
97%
0Äquatorial-Guinea
95%
118Angola
94%
1044Togo
94%
969Benin
92%
637Tschad
92%
232Zentralafrikanische
Republik
92%
1442Côte d'Ivoire
89%
1463Namibia
85%
1091Ghana
83%
237São Tomé
und Príncipe
83%
1435Sambia
82%
1429Burkina Faso
79%
1314Südsudan
74%
1396Sudan
71%
1604Ruanda
62%
158Dem. Rep. Kongo
52%

Verteilung der Resultate

Perzentil nach korrekt beantworteten Fragen

Anzahl Personen mit jedem Resultat

Ihre Resultats-Entwicklung

Sie haben dieses Quiz noch nicht gespielt